000 00757nam a2200241 a 4500
001 000027247
003 DO-SdBNP
005 20250211094258.0
007 ta
008 110330s19uu dr 000 0 spa d
040 _aDO-SdBNP
_bspa
_cBNPHU
_erda
049 _aBNPD
082 4 _axxx
_bB862m
_222
100 1 _aBrito Ureña, Luis Manuel,
_eautor.
_4aut.
_91096
245 1 3 _aEl merengue y la realidad existencial de los dominicanos :
_bbachata y nueva canción /
_cLuis Manuel Brito Ureña.
264 1 _aSanto Domingo :
_bUnigraf,
_c1997.
300 _a264 páginas ;
_c20 cm.
336 _atexto
_btxt
_2rdacontent
337 _asin mediación
_bn
_2rdamedia
338 _avolumen
_bnc
_2rdacarrier
590 _aInventariado, 2025/BT
942 _2ddc
_cLBS1
999 _c26739
_d26739